000 01224nam a2200313 i 4500
999 _c66592
_d66592
001 768714001
003 CO-MdFUSB
005 20200910154456.0
007 ta
008 200910t1999 -us |||| |||| 00| 0 eng d
020 _a1565632877
040 _aCO-MdFUSB
_bspa
_cCO-MdFUSB
_dCO-MdFUSBC
_erda
041 _aeng
082 _223
_a227.066
_bW722
100 _aWilliams, David John.
_eautor
245 1 _aPaul's metaphors :
_btheir context and character
_c/ Williams, David John
264 1 _aEstados Unidos :
_bHendrickson Publishers,
_c[1999]
264 4 _c© 1999
300 _a385 páginas
_c; 24 cm
336 _2rdacontent
_atexto
_btxt
337 _2rdamedia
_asin mediación
_bn
338 _2rdacarrier
_avolumen
_bnc
505 _aLa vida en la ciudad - La vida en el campo - La vida familiar - La satisfacción de las necesidades físicas - La esclavitud y la libertad - Los ciudadanos y los tribunales - La fabricación y el marketing - El mundo empresarial - Los viajes - La guerra y el soldado - Observancias de culto - Espectáculos públicos y eventos deportivos.
563 _aTapa dura
630 0 7 _aBiblia.
_pEpístolas Paulinas
942 _cBK
945 _aJTF-925